书目信息 |
| 题名: |
急危重症救治精要
|
|
| 作者: | 侯希炎 主编 | |
| 分册: | ||
| 出版信息: | 福州 福建科学技术出版社 2019.07 |
|
| 页数: | 164页 | |
| 开本: | 29cm | |
| 丛书名: | ||
| 单 册: | ||
| 中图分类: | R459.7 | |
| 科图分类: | ||
| 主题词: | 急性病--ji xing bing--诊疗 , 险症--xian zheng--诊疗 | |
| 电子资源: | ||
| ISBN: | 978-7-5335-5905-2 | |
| 000 | 00975nam0 2200265 450 | |
| 001 | CAL 0120192929595 | |
| 005 | 20230217093112.0 | |
| 010 | @a978-7-5335-5905-2@dCNY68.00 | |
| 100 | @a20191223d2019 em y0chiy0120 ea | |
| 101 | 0 | @achi |
| 102 | @aCN@b350000 | |
| 105 | @aa a 000yy | |
| 106 | @ar | |
| 200 | 1 | @a急危重症救治精要@Aji wei zhong zheng jiu zhi jing yao@f主编侯希炎 ... [等] |
| 210 | @a福州@c福建科学技术出版社@d2019.07 | |
| 215 | @a164页@c图@d29cm | |
| 304 | @a题名页题其余责任者: 朱翔, 余长智, 李志刚, 李鹤, 王李娟 | |
| 320 | @a有书目 (第164页) | |
| 330 | @a本书详细阐述了心肺脑复苏、常用监测技术、危重症常用治疗方法等内容, 主要内容包括ICU、心肺脑复苏、循环检测技术、ICU中的预防用药、危重症患者的感染、休克、常见急危重症救等。 | |
| 606 | 0 | @a急性病@Aji xing bing@x诊疗 |
| 606 | 0 | @a险症@Axian zheng@x诊疗 |
| 690 | @aR459.7@v5 | |
| 701 | 0 | @a侯希炎@Ahou xi yan@c(医学)@4主编 |
| 801 | 0 | @aCN@bBJXHZP@c20230228 |
| 905 | @b1385691-4@dR459.7@e175@f4 | |
| 急危重症救治精要/主编侯希炎 ... [等].-福州:福建科学技术出版社,2019.07 |
| 164页:图;29cm |
| ISBN 978-7-5335-5905-2:CNY68.00 |
| 本书详细阐述了心肺脑复苏、常用监测技术、危重症常用治疗方法等内容, 主要内容包括ICU、心肺脑复苏、循环检测技术、ICU中的预防用药、危重症患者的感染、休克、常见急危重症救等。 |
| ● |
| 相关链接 |
|
|
|
|
正题名:急危重症救治精要
索取号:R459.7/175
 
预约/预借
| 序号 | 登录号 | 条形码 | 馆藏地/架位号 | 状态 | 备注 |
| 1 | 1385691 | 213856914 | 第二样本阅览室/ [索取号:R459.7/175] | 在馆 | |
| 2 | 1385692 | 213856923 | 第三借阅区/ [索取号:R459.7/175] | 在馆 | |
| 3 | 1385693 | 213856932 | 第三借阅区/ [索取号:R459.7/175] | 在馆 | |
| 4 | 1385694 | 213856941 | 第三借阅区/ [索取号:R459.7/175] | 在馆 |